000 00329nam a2200145Ia 4500
008 230718s9999 xx 000 0 und d
041 _aEng.
082 _a490.07
_bBRA-F
100 _aBrain 0. Jacobs
245 0 _aFrautceied aities
260 _aPakistan
_bChapman Hall
_c1882
300 _a302
650 _aLaw
999 _c26127
_d26127